| 000 | 01925nam a2200373 a 4500 | ||
|---|---|---|---|
| 001 | ebr10509687 | ||
| 003 | CaPaEBR | ||
| 006 | m u | ||
| 007 | cr cn||||||||| | ||
| 008 | 110211s2012 nyua sb 001 0 eng d | ||
| 010 | _z 2011005663 | ||
| 020 | _z9780199773954 (cloth : alk. paper) | ||
| 020 | _z9780199773985 (e-book) | ||
| 040 |
_aCaPaEBR _cCaPaEBR |
||
| 035 | _a(OCoLC)761694751 | ||
| 050 | 1 | 4 |
_aCS14 _b.Z47 2012eb |
| 082 | 0 | 4 |
_a929/.1 _222 |
| 100 | 1 | _aZerubavel, Eviatar. | |
| 245 | 1 | 0 |
_aAncestors and relatives _h[electronic resource] : _bgenealogy, identity, and community / _cEviatar Zerubavel. |
| 260 |
_aNew York : _bOxford University Press, _cc2012. |
||
| 300 |
_axii, 226 p. : _bill. |
||
| 504 | _aIncludes bibliographical references and indexes. | ||
| 505 | 0 | _aThe genealogical imagination -- Ancestry and descent -- Lineage -- Pedigree -- Origins -- Co-descent -- Kinship -- Community and identity -- Nature and culture -- Blood -- Nature or culture? -- The rules of genealogical lineation -- The rules of genealogical delineation -- The politics of descent -- Stretching -- Cutting and pasting -- Clipping -- Braiding -- Lumping -- Marginalizing -- Splitting -- Pruning -- The genealogy of the future -- Genealogical engineering -- Integration -- Segregation -- Extinction -- The future of genealogy. | |
| 533 |
_aElectronic reproduction. _bPalo Alto, Calif. : _cebrary, _d2011. _nAvailable via World Wide Web. _nAccess may be limited to ebrary affiliated libraries. |
||
| 650 | 0 |
_aGenealogy _xSocial aspects. |
|
| 650 | 0 |
_aGenealogy _xPsychological aspects. |
|
| 650 | 0 |
_aGenealogy _xPolitical aspects. |
|
| 650 | 0 | _aFamilies. | |
| 650 | 0 | _aKinship. | |
| 650 | 0 | _aHeredity. | |
| 655 | 7 |
_aElectronic books. _2local |
|
| 710 | 2 | _aebrary, Inc. | |
| 856 | 4 | 0 |
_uhttp://site.ebrary.com/lib/rucke/Doc?id=10509687 _zAn electronic book accessible through the World Wide Web; click to view |
| 999 |
_c115901 _d115901 |
||